Score 0/178 Timer 10:00
0 Plays Today
Season Episode % Correct
2Be Careful What You Witch For
93.8%
1The Witch Is Back
92.9%
4Witch Way Now?
92.8%
5A Witch's Tail: Part 1
92.8%
5A Witch's Tail: Part 2
92.8%
5A Witch in Time
92.8%
6Love's a Witch
92.5%
7The Seven Year Witch
91.7%
7The Bare Witch Project
91.6%
6Crimes & Witch Demeanors
91.5%
7Someone to Witch Over Me
91.4%
2Witch Trial
91.3%
6I Dream of Phoebe
91.3%
6Witch Wars
90.9%
1Something Wicca This Way Comes
90.7%
4Charmed Again: Part 1
89.6%
4Charmed Again: Part 2
89.6%
4The Three Faces of Phoebe
89.4%
4A Paige from the Past
89.1%
5Centennial Charmed
88.8%
4Hell Hath No Fury
88.6%
7Something Wicca This Way Goes
88.4%
4Charmed and Dangerous
88.3%
5Lucky Charmed
87.9%
6Prince Charmed
87.9%
3Coyote Piper
87.9%
8Mr. & Mrs. Witch
87.8%
8Payback's a Witch
87.7%
7There's Something About Leo
87.7%
7Charmed Noir
87.3%
5The Importance of Being Phoebe
87.2%
1Thank You For Not Morphing
87.1%
3All Halliwell's Eve
86.8%
3All Hell Breaks Loose
86.7%
1Which Prue Is It, Anyway?
85.9%
5Baby's First Demon
85.6%
1Wicca Envy
85.5%
8Still Charmed and Kicking
85.2%
4Saving Private Leo
85.2%
8Forever Charmed
84.7%
4Marry-Go-Round
84.6%
6The Power of Three Blondes
84.3%
4Enter the Demon
84.2%
3The Demon Who Came in from the Cold
84%
5The Day the Magic Died
83.9%
1The Wedding from Hell
83.8%
8Run, Piper, Run
83.7%
2That Old Black Magic
83.7%
5Sympathy for the Demon
83.5%
7Freaky Phoebe
83.2%
1Déjà Vu All Over Again
82.9%
4Trial by Magic
82.8%
7Carpe Demon
82.5%
1Dead Man Dating
82.5%
1When Bad Warlocks Turn Good
81.6%
4Black as Cole
81.6%
3Magic Hour
81.4%
1The Power of Two
81.2%
3Death Takes a Halliwell
81.2%
3The Good, the Bad and the Cursed
80.6%
Season Episode % Correct
6My Three Witches
80.2%
1Love Hurts
80.1%
2She's a Man, Baby, a Man!
79.6%
6It's a Bad, Bad, Bad, Bad World: Part 1
78.9%
6It's a Bad, Bad, Bad, Bad World: Part 2
78.9%
3Power Outage
78.8%
6Chris-Crossed
78.4%
3We All Scream for Ice Cream
77.3%
5Cat House
76.8%
1The Fourth Sister
76.8%
5House Call
76.8%
3Once Upon a Time
76.3%
1Is There a Woogy in the House?
76%
1I've Got You Under My Skin
76%
1The Truth Is Out There... and It Hurts
75.9%
1Dream Sorcerer
74.7%
6The Courtship of Wyatt's Father
74.7%
4Bite Me
74.4%
5Oh My Goddess!: Part 1
74.3%
5Oh My Goddess!: Part 2
74.3%
2How to Make a Quilt Out of Americans
74.2%
5Witches in Tights
74.1%
1From Fear to Eternity
73.7%
6The Legend of Sleepy Halliwell
73.6%
1Out of Sight
72.5%
2Pardon My Past
72.3%
3The Honeymoon's Over
72.1%
2Apocalypse, Not
71.4%
7Ordinary Witches
71.4%
8Kill Billie: Vol.1
71.2%
8Kill Billie: Vol.2
71.2%
2The Painted World
71.2%
3Sin Francisco
71.2%
5Nymphs Just Wanna Have Fun
71.1%
2P3 H2O
70.5%
4Long Live the Queen
70.4%
5Happily Ever After
69.9%
3Look Who's Barking
69.9%
6Forget Me... Not
69.9%
1The Wendigo
69.9%
6Valhalley of the Dolls: Part 1
69.5%
6Valhalley of the Dolls: Part 2
69.5%
7Once in a Blue Moon
68.9%
2Ex Libris
68.2%
6Sword and the City
68.1%
3Pre-Witched
68%
1That '70s Episode
68%
7Extreme Makeover World Edition
67.8%
2Murphy's Luck
67.7%
8Gone with the Witches
67.6%
6Spin City
67.6%
2Heartbreak City
66.8%
3Just Harried
66.7%
8The Lost Picture Show
66.7%
5Sand Francisco Dreamin'
66.6%
4We're Off to See the Wizard
66.5%
2Morality Bites
66.1%
3Blinded by the Whitelighter
66.1%
5Sam I Am
66%
7Death Becomes Them
65.7%
Season Episode % Correct
2Animal Pragmatism
65.1%
2Ms. Hellfire
65%
2The Devil's Music
65%
3Wrestling with Demons
65%
3Sight Unseen
64.9%
5Y Tu Mummy También
64.7%
1Feats of Clay
64.5%
2Give Me a Sign
64%
6A Wrong Day's Journey Into Right
63.9%
4The Fifth Halliwheel
63.8%
7Styx Feet Under
63.6%
2Astral Monkey
62.8%
1Secrets and Guys
62.8%
2Chick Flick
62.6%
7Charrrmed!
62.4%
4Lost and Bound
62.1%
7A Call to Arms
61.5%
4A Knight to Remember
60.8%
4Womb Raider
60.3%
5Siren Song
60.1%
2Awakened
59.8%
8The Last Temptation of Christy
59.6%
3Primose Empath
59.3%
4Brain Drain
59.3%
5Necromancing the Stone
59.3%
4Size Matters
59.2%
5The Eyes Have It
59.2%
4Muse to My Ears
59.2%
3Bride and Gloom
58.1%
5Sense and Sense Ability
58.1%
3Sleuthing with the Enemy
57.8%
3Exit Strategy
57.8%
8Vaya Con Leos
57.5%
7Show Ghouls
57.3%
6Hyde School Reunion
56.6%
6Little Monsters
56.4%
2Reckless Abandon
56.2%
2They're Everywhere
55.8%
7Little Box of Horrors
55.1%
8Desperate Housewitches
55%
7Charmageddon
54.1%
8Rewitched
53.6%
7Witchness Protection
53.5%
6Soul Survivor
52.5%
8Malice in Wonderland
52.3%
7Cheaper by the Coven
52.2%
6Witchstock
52.1%
8Battle of the Hexes
50.9%
6Used Karma
50.9%
812 Angry Zen
49.6%
7Scry Hard
48.6%
8Generation Hex
48.5%
8Hulkus Pocus
47.8%
8Repo Manor
47.5%
8The Jung and the Restless
46.9%
7Imaginary Fiends
46.2%
8Engaged and Confused
45.8%
8The Torn Identity
43.9%
Remove Ads.
Support Sporcle.
Get the best of Sporcle when you Go Orange. This ad-free experience offers more features, more stats, and more fun while also helping to support Sporcle. Thank you for becoming a member.

You're not logged in!

Compare scores with friends on all Sporcle quizzes.
OR
Log In

Show Comments

Extras

Top Quizzes Today


Score Distribution

Your Account Isn't Verified!

In order to create a playlist on Sporcle, you need to verify the email address you used during registration. Go to your Sporcle Settings to finish the process.

Report this User

Report this user for behavior that violates our Community Guidelines.

Details: